LEADER 00956nam a2200217 i 4500 001 000000089324 003 CaOOAMICUS 005 20160708000000.0 008 160708n it u000 u mul u 013 $a61565 040 $aSeMil$bita 100 1 $aSchuster, Alfredo Ildefonso,$c.$0(OLS)http://semarc/name/89146 245 10$a[Appunti su la storia di S. Benedetto] /$c[I. Card. Schuster]. 260 $aTorino [etc.] :$bSocietà Editrice Internazionale,$c199?] 300 $a47 p. ;$c26 cm. 600 04$aBenedetto : da Norcia .$0(OLS)http://semarc/subject/51299 850 $aSeMil 852 $aSeMil$W1$xVenegono$y1$m3T VI 249$j52463$B52463$CSeMilBibl$Z2$F56924 $81 961 $aLascito: Orsenigo don Elia 996 $6245$a[Appunti su la storia di S. Benedetto]$9(OLS)http://semarc/title/135258 996 $6260$aTorino [etc.] :$bSocietà Editrice Internazionale$9(OLS)http://semarc/publisher/31170 LEADER 01042nam a2200265 i 4500 001 000000191138 003 CaOOAMICUS 005 20150810000000.0 008 150810s1957 it u000 u fre u 013 $a169631 040 $aSeMil$bita 100 1 $aBouëssé, Humbert,$c.$0(OLS)http://semarc/name/12042 245 13$aLe sacerdoce chrétien /$cHumbert Bouëssé. 260 $a[Bruges] :$bDesclée de Brouwer,$cstampa 1957. 300 $a208 p. ;$c21 cm. 490 0 $aTextes et études théologiques 500 $aFondo card. Giovanni Colombo. 650 4$aSacerdozio - Spiritualità.$0(OLS)http://semarc/subject/2395 830 0$aTextes et études théologiques.$0(OLS)http://semarc/title/8158 850 $aSeMil 852 $aSeMil$W1$xVenegono$y1$m3GC III 285$j141752$B141752$CSeMilBibl$Z2$F153321 $8B 941 1 $a3 961 $aLascito: Colombo Card. Giovanni 996 $6245$aLe sacerdoce chrétien$9(OLS)http://semarc/title/275426 996 $6260$a[Bruges] :$bDesclée de Brouwer$9(OLS)http://semarc/publisher/40270